| Поле | Название | Значение |
| |
Тип записи |
a |
| |
Библиографический уровень |
m |
| 001 |
Контрольный номер |
RU/URAIT/539822 |
| 003 |
Принадлежность контрольного номера |
https://urait.ru/bcode/539822 |
| 005 |
Дата корректировки |
20240827112610.2 |
| 008 |
Кодируемые данные |
|
| 020 |
Индекс ISBN |
__ |
| a |
ISBN |
978-5-534-08461-0 |
| c |
Цена, тираж |
409.00 |
| 040 |
Источник каталогиз. |
__ |
| a |
Служба первич. каталог. |
ИКО Юрайт |
| b |
Код языка каталог. |
rus |
| c |
Служба, преобразующая запись |
ИКО Юрайт |
| 041 |
Код языка издания |
0_ |
| a |
Код языка текста |
rus |
| 044 |
Код страны публикации |
__ |
| a |
Код страны публикации |
RU |
| 073 |
|
_1 |
| a |
|
9785534084610 |
| d |
|
409.00 |
| 080 |
Индекс УДК |
__ |
| a |
Индекс УДК |
517(075.8) |
| 084 |
Индекс другой классификации/Индекс ББК |
__ |
| a |
Индекс другой классификации/Индекс ББК |
22.16я73 |
| 2 |
Источник индекса |
rubbk |
| 091 |
Индексы/ коды |
__ |
| a |
Индекс ББК (DOS) |
22.16я73 |
| z |
|
rubbk |
| 100 |
Автор |
1_ |
| a |
Автор |
Садовничая И. В. |
| q |
Полное имя |
Инна Викторовна |
| 230 |
|
__ |
| a |
|
Электрон. дан. |
| 245 |
Заглавие |
00 |
| a |
Заглавие |
Математический анализ. Вещественные числа и последовательности |
| b |
Продолж. заглавия |
учебное пособие |
| c |
Ответственность |
И. В. Садовничая, Т. Н. Фоменко, Е. В. Хорошилова ; под общей редакцией В. А. Ильина. |
| 250 |
Сведения об издании |
__ |
| a |
Основные сведения об издании |
2-е изд. |
| b |
Дополнительные сведения об издании |
пер. и доп |
| 260 |
Выходные данные |
1_ |
| a |
Место издания |
Москва |
| b |
Издательство |
Юрайт |
| c |
Дата издания |
2024 |
| 300 |
Физическое описание |
__ |
| a |
Объем |
109 с |
| 440 |
Серия |
_0 |
| a |
Серия |
Высшее образование |
| 500 |
Примечания |
__ |
| a |
Примечание |
URL: https://urait.ru/bcode/539822 (дата обращения: 27.08.2024). |
| 520 |
Аннотация |
__ |
| a |
Аннотация |
Учебное пособие посвящено темам «Вещественные числа» и «Числовые последовательности». В первой главе рассматриваются элементы теории множеств, операции над ними, эквивалентности и порядки, сравнение вещественных чисел, их алгебраическая система. Вторая глава содержит понятие последовательности, характеризует особенности сходящихся и монотонных последовательностей, критерий Коши. В третьей главе предлагаются задачи с подробными решениями, а также для самостоятельной работы студентов. |
| 538 |
Прим. о системных особенностях |
__ |
| a |
Прим. о системных особенностях |
Режим доступа: Электронно-библиотечная система Юрайт, для авториз. пользователей |
| 653 |
Ключевые слова |
2_ |
| a |
Ключевые слова |
Математический анализ |
| 653 |
Ключевые слова |
2_ |
| a |
Ключевые слова |
Математика и статистика |
| 653 |
Ключевые слова |
2_ |
| a |
Ключевые слова |
Математический анализ |
| 653 |
Ключевые слова |
2_ |
| a |
Ключевые слова |
Основы математического анализа |
| 653 |
Ключевые слова |
2_ |
| a |
Ключевые слова |
Математика. Математический анализ |
| 653 |
Ключевые слова |
2_ |
| a |
Ключевые слова |
Введение в математический анализ |
| 700 |
Другие авторы |
1_ |
| a |
Другие авторы |
Фоменко Т. Н. |
| q |
Полное имя |
Татьяна Николаевна |
| 700 |
Другие авторы |
1_ |
| a |
Другие авторы |
Хорошилова Е. В. |
| q |
Полное имя |
Елена Владимировна |
| 700 |
Другие авторы |
1_ |
| a |
Другие авторы |
Ильин В. А. |
| q |
Полное имя |
Владимир Александрович |
| 856 |
Электронный адрес документа |
40 |
| n |
Местонахождение сервера |
Юрайт |
| g |
|
Электронная книга |
| q |
Тип электронного формата |
html |
| h |
Имя пользователя |
ЮРАЙТ |
| v |
Часы доступа к ресурсу |
20251231 |
| 2 |
Способ доступа |
Показать документ |
| x |
Служебное примечание |
https://urait.ru/book/cover/1C9E5397-F307-4CCB-9DEF-93D5B372303D |
| u |
URL |
https://urait.ru/bcode/539822 |
| 856 |
Электронный адрес документа |
41 |
| q |
Тип электронного формата |
cover |
| u |
URL |
https://urait.ru/book/cover/1C9E5397-F307-4CCB-9DEF-93D5B372303D |